|
|
|
|
| LEADER |
01916nam a22004092a 4500 |
| 001 |
000119639 |
| 003 |
CZ BrMZK |
| 005 |
20110430211335.0 |
| 007 |
ta |
| 008 |
950101s1987 xr f cze d |
| 015 |
|
|
|a cnb000039959
|
| 035 |
|
|
|a (OCoLC)39415963
|
| 040 |
|
|
|a BOA001
|b cze
|
| 080 |
9 |
|
|a 621.311
|
| 100 |
1 |
|
|a Matoušek, Antonín
|7 ola2004216977
|4 aut
|
| 245 |
1 |
0 |
|a Elektrárny I /
|c Antonín Matoušek
|
| 250 |
|
|
|a 2. vyd.
|
| 260 |
|
|
|a Brno :
|b Vysoké učení technické,
|c 1987
|
| 300 |
|
|
|a 208 s. :
|b tb., grafy, schémata ;
|c 29 cm
|
| 490 |
1 |
|
|a Učební texty vysokých škol
|
| 504 |
|
|
|a Obsahuje bibliografii
|
| 500 |
|
|
|a 300 výt.
|
| 810 |
2 |
|
|a Vysoké učení technické v Brně.
|b Elektrotechnická fakulta.
|t Učební texty
|
| 910 |
|
|
|a BOA001
|b 4-0930.394
|b TK-A-0236.738
|
| 920 |
|
|
|a 000121053
|
| 964 |
|
|
|a Elektrárny - učebnice - vysoké školy
|
| 990 |
|
|
|a BK
|
| 991 |
|
|
|b 200712
|
| 996 |
6 |
|
|b 2619957385
|c 4-0930.394
|l MZK
|r Sklad / do 1 hodiny
|n 6
|w 000119639
|u 000020
|a 1
|e BOA001
|j MZK50
|s P
|
| 996 |
0 |
|
|b 2619966074
|c 4-0930.394
|l MZK
|r Sklad / do 1 hodiny
|n 24
|p 0 rev. 2014
|w 000119639
|u 000010
|a 1
|e BOA001
|j MZK50
|s V
|
| 996 |
7 |
|
|b 2629967550
|c TK-A-0236.738
|l MZK
|r Sklad / do 24 hodin
|n 3
|w 000119639
|u 000050
|a 1
|e BOA001
|j MZK50
|s A
|
| 996 |
7 |
|
|b 2629967903
|c TK-A-0236.738
|l MZK
|r Sklad / do 24 hodin
|n 1
|w 000119639
|u 000080
|a 1
|e BOA001
|j MZK50
|s A
|
| 996 |
7 |
|
|b 2629981284
|c TK-A-0236.738
|l MZK
|r Sklad / do 24 hodin
|n 1
|w 000119639
|u 000070
|a 1
|e BOA001
|j MZK50
|s A
|
| 996 |
7 |
|
|b 2629981558
|c TK-A-0236.738
|l MZK
|r Sklad / do 24 hodin
|n 12
|w 000119639
|u 000030
|a 1
|e BOA001
|j MZK50
|s A
|
| 996 |
7 |
|
|b 2629982582
|c TK-A-0236.738
|l MZK
|r Sklad / do 24 hodin
|n 3
|w 000119639
|u 000060
|a 1
|e BOA001
|j MZK50
|s A
|
| 996 |
7 |
|
|b 2629983242
|c TK-A-0236.738
|l MZK
|r Sklad / do 24 hodin
|n 3
|w 000119639
|u 000090
|a 1
|e BOA001
|j MZK50
|s A
|
| 996 |
7 |
|
|b 2629992418
|c TK-A-0236.738
|l MZK
|r Sklad / do 24 hodin
|n 3
|w 000119639
|u 000040
|a 1
|e BOA001
|j MZK50
|s A
|